000 00398pab a2200157 454500
008 180718b2002 xxu||||| |||| 00| 0 eng d
100 _aCatlaw, Thomas J.
245 _aStopping the cycle of youth violence in the district of Columbia
260 _c2002
300 _ap.17-19.
362 _aSpring
650 _aViolence
650 _aYouth unrest
773 _aPublic Manager
909 _a53136
999 _c53136
_d53136